[Event "Foment Martinenc op-A 18th"]
[Site "Barcelona"]
[Date "2016.05.28"]
[Round "6"]
[White "Ventura Fontanet, Jaume"]
[Black "Romero Gamez, Francisco Javier"]
[Result "0-1"]
[WhiteElo "1662"]
[BlackElo "1669"]
[PlyCount "72"]
[EventDate "2016.04.23"]
[EventType "swiss"]
[EventRounds "9"]
[EventCountry "ESP"]
[SourceTitle "EXT 2017"]
[Source "ChessBase"]
[SourceDate "2016.10.25"]
[SourceVersion "1"]
[SourceVersionDate "2016.10.25"]
[SourceQuality "1"]

1. c4 e5 2. g3 Nc6 3. Nc3 Bb4 4. Nd5 Be7 5. Bg2 f5 6. d3 Nf6 7. e4 d6 8. Ne2 0-0 9. 0-0 Be6 10. f4 fxe4 11. dxe4 Bg4 12. Be3 exf4 13. gxf4 Bxe2 14. Qxe2 Nxd5 15. cxd5 Nb8 16. e5 Nd7 17. e6 Nb6 18. Rac1 Rc8 19. Be4 Qe8 20. Kh1 Bf6 21. Rg1 Qa4 22. Bc2 Qxa2 23. Qd3 Qxd5+ 24. Rg2 Qxd3 25. Bxd3 c6 26. Rcg1 Nd5 27. Bd2 Rc7 28. Bc1 Re7 29. f5 Nc7 30. Bg5 Bxg5 31. Rxg5 d5 32. h4 Rf6 33. h5 Ne8 34. R1g2 Nd6 35. Rh2 h6 36. Rg4 Nxf5 0-1

[Event "Foment Martinenc op-A 18th"]
[Site "Barcelona"]
[Date "2016.04.23"]
[Round "1"]
[White "Lacasta Palacio, Joaquim"]
[Black "Ventura Fontanet, Jaume"]
[Result "1-0"]
[WhiteElo "2064"]
[BlackElo "1662"]
[PlyCount "63"]
[EventDate "2016.04.23"]
[EventType "swiss"]
[EventRounds "9"]
[EventCountry "ESP"]
[SourceTitle "EXT 2017"]
[Source "ChessBase"]
[SourceDate "2016.10.25"]
[SourceVersion "1"]
[SourceVersionDate "2016.10.25"]
[SourceQuality "1"]

1. e4 c5 2. Nf3 e6 3. c3 d5 4. e5 d4 5. cxd4 cxd4 6. Bd3 Nc6 7. 0-0 Nge7 8. Re1 Nb4 9. Bb5+ Nec6 10. d3 Be7 11. a3 Qb6 12. Ba4 Nd5 13. Nbd2 0-0 14. Nc4 Qc7 15. Bxc6 bxc6 16. Nxd4 Rb8 17. Qg4 Rd8 18. Bh6 Bf8 19. Bg5 Re8 20. Rac1 Ba6 21. b4 Bb5 22. Qg3 Bxc4 23. Rxc4 c5 24. Nb3 Rb5 25. Rec1 Qb6 26. Nxc5 Bxc5 27. bxc5 Qa5 28. Bf6 Nxf6 29. exf6 g6 30. Qg5 Kh8 31. Qh6 Rg8 32. Qxh7+ 1-0

[Event "Foment Martinenc op-B 15th"]
[Site "Barcelona"]
[Date "2013.06.08"]
[Round "8"]
[White "Ventura Fontanet, Jaume"]
[Black "Riu Lopez, Daniel"]
[Result "0-1"]
[WhiteElo "1694"]
[BlackElo "1674"]
[PlyCount "144"]
[EventDate "2013.04.20"]
[EventType "swiss"]
[EventRounds "9"]
[EventCountry "ESP"]
[SourceTitle "CBM 154 Extra"]
[Source "ChessBase"]
[SourceDate "2013.06.25"]
[SourceVersion "2"]
[SourceVersionDate "2013.06.25"]
[SourceQuality "1"]

1. c4 e5 2. g3 Nf6 3. Bg2 Bc5 4. Nc3 c6 5. e3 d5 6. d4 exd4 7. exd4 Bb4 8. Qb3 Qe7+ 9. Nge2 0-0 10. a3 Ba5 11. c5 Re8 12. Qc2 Bf5 13. Qd1 Bxc3+ 14. bxc3 Ne4 15. 0-0 Nxc5 16. Be3 Nd3 17. Nf4 Nxf4 18. Bxf4 Nd7 19. Qd2 Qe2 20. Rfe1 Qxd2 21. Bxd2 Be6 22. a4 Nb6 23. Bf4 Nc4 24. Bf1 b5 25. axb5 cxb5 26. Reb1 a6 27. Ra2 Nb6 28. Bg2 Rec8 29. Rc1 Na4 30. c4 Nb6 31. cxb5 Rxc1+ 32. Bxc1 Rc8 33. Bf4 axb5 34. Rb2 Bd7 35. h4 h6 36. Kh2 Nc4 37. Rb1 Bc6 38. Ra1 Ra8 39. Rxa8+ Bxa8 40. Bf1 b4 41. Bd3 b3 42. Bb1 b2 43. Bd3 Na3 44. Kg2 b1Q 45. Bxb1 Nxb1 46. Kf3 f6 47. Ke3 Kf7 48. Kd3 Na3 49. Bd2 Nb5 50. Ke3 Ke6 51. g4 f5 52. gxf5+ Kxf5 53. f3 g5 54. hxg5 h5 55. f4 h4 56. Be1 h3 57. Bg3 Bc6 58. Bh2 Be8 59. Kf3 Nxd4+ 60. Kg3 Ne2+ 61. Kxh3 d4 62. Kg2 Nxf4+ 63. Kf2 Ke4 64. Ke1 d3 65. Kd2 Bg6 66. Bg1 Nh3 67. Be3 Kf3 68. Bb6 Nxg5 69. Ba5 Ne6 70. Bc3 Nc5 71. Bg7 Nb3+ 72. Kc3 d2 0-1

[Event "Foment Martinenc op-B 15th"]
[Site "Barcelona"]
[Date "2013.05.18"]
[Round "5"]
[White "Cardo Llagostera, Francesco Javier"]
[Black "Ventura Fontanet, Jaume"]
[Result "1/2-1/2"]
[WhiteElo "1787"]
[BlackElo "1694"]
[PlyCount "78"]
[EventDate "2013.04.20"]
[EventType "swiss"]
[EventRounds "9"]
[EventCountry "ESP"]
[SourceTitle "CBM 154 Extra"]
[Source "ChessBase"]
[SourceDate "2013.06.25"]
[SourceVersion "2"]
[SourceVersionDate "2013.06.25"]
[SourceQuality "1"]

1. d4 d5 2. g3 Nf6 3. Bg2 c6 4. Nf3 Bg4 5. h3 Bh5 6. 0-0 e6 7. b3 Nbd7 8. c4 Be7 9. Nc3 h6 10. cxd5 cxd5 11. Bb2 0-0 12. Rc1 Rc8 13. Qd2 Bg6 14. Ne1 a6 15. Nd3 b5 16. a3 Qb6 17. b4 Bxd3 18. Qxd3 Rc4 19. Rfd1 Rfc8 20. e4 dxe4 21. Nxe4 Nxe4 22. Qxe4 Nf6 23. Qb7 Qd6 24. Rxc4 Rxc4 25. Rc1 Rxc1+ 26. Bxc1 Nd5 27. Bxd5 exd5 28. Bf4 Qe6 29. Kh2 Bf6 30. Be3 Bg5 31. Bxg5 hxg5 32. Qc7 Kh7 33. Qc3 Qe4 34. Qd2 Kg6 35. g4 Qf4+ 36. Qxf4 gxf4 37. Kg2 f5 38. f3 fxg4 39. hxg4 Kf6 1/2-1/2

[Event "Foment Martinenc op-B 15th"]
[Site "Barcelona"]
[Date "2013.04.20"]
[Round "1"]
[White "Cuenca Madero, Sergi"]
[Black "Ventura Fontanet, Jaume"]
[Result "0-1"]
[WhiteElo "1700"]
[BlackElo "1694"]
[PlyCount "62"]
[EventDate "2013.04.20"]
[EventType "swiss"]
[EventRounds "9"]
[EventCountry "ESP"]
[SourceTitle "CBM 154 Extra"]
[Source "ChessBase"]
[SourceDate "2013.06.25"]
[SourceVersion "2"]
[SourceVersionDate "2013.06.25"]
[SourceQuality "1"]

1. e4 c5 2. Nf3 e6 3. d4 cxd4 4. Nxd4 a6 5. a3 Nf6 6. Nc3 Qc7 7. Qf3 d6 8. Bd3 Nbd7 9. Qe2 Be7 10. f4 Nc5 11. h3 Nxd3+ 12. Qxd3 b5 13. Nf3 Bb7 14. e5 dxe5 15. fxe5 Nd7 16. Bf4 Rd8 17. Qe2 Nb6 18. 0-0 0-0 19. Kh1 Nd5 20. Nxd5 Bxd5 21. Rae1 Bc4 22. Qf2 Bxf1 23. Rxf1 Qc4 24. Bg5 f6 25. b3 Qc5 26. Be3 Qxa3 27. Nd4 fxe5 28. Qxf8+ Rxf8 29. Rxf8+ Bxf8 30. Nxe6 Qe7 31. Nc5 Qa7 0-1

[Event "Llinars del Valles op-B 6th"]
[Site "Llinars del Valles"]
[Date "2012.05.12"]
[Round "5"]
[White "Ventura Fontanet, Jaume"]
[Black "Giro Castellet, Esteve"]
[Result "0-1"]
[WhiteElo "1735"]
[BlackElo "1645"]
[PlyCount "58"]
[EventDate "2012.04.14"]
[EventType "swiss"]
[EventRounds "9"]
[EventCountry "ESP"]
[SourceTitle "EXT 2013"]
[Source "ChessBase"]
[SourceDate "2012.11.22"]
[SourceVersion "1"]
[SourceVersionDate "2012.11.22"]
[SourceQuality "1"]

1. c4 c5 2. g3 Nc6 3. Bg2 Nf6 4. Nc3 g6 5. Nf3 Bg7 6. d4 cxd4 7. Nxd4 Qb6 8. Nc2 Ng4 9. 0-0 h5 10. Nd5 Qd8 11. Rb1 e6 12. Nc3 Nge5 13. Ne3 Na5 14. Qa4 a6 15. Bd2 Qc7 16. b3 Rb8 17. Ne4 Nac6 18. c5 0-0 19. Rfd1 b6 20. cxb6 Qxb6 21. Nd6 Qc7 22. Nxc8 Rfxc8 23. Qxa6 Ra8 24. Qb5 Bf8 25. Rbc1 Rcb8 26. Nd5 Qd8 27. Nb6 Rxb6 28. Ba5 Rxa5 29. Rxd7 Raxb5 0-1

[Event "Cerdanyola del Valles op-B 29th"]
[Site "Cerdanyola del Valles"]
[Date "2011.10.01"]
[Round "1"]
[White "Ventura Fontanet, Jaume"]
[Black "Garcia Acosta, Carla"]
[Result "1-0"]
[WhiteElo "1712"]
[BlackElo "1320"]
[PlyCount "85"]
[EventDate "2011.10.01"]
[EventType "swiss"]
[EventRounds "8"]
[EventCountry "ESP"]
[SourceTitle "EXT 2013"]
[Source "ChessBase"]
[SourceDate "2012.11.22"]
[SourceVersion "1"]
[SourceVersionDate "2012.11.22"]
[SourceQuality "1"]

1. c4 e5 2. Nc3 Nc6 3. Nf3 Nf6 4. g3 Bc5 5. Bg2 0-0 6. 0-0 Re8 7. a3 d6 8. b4 Bb6 9. Na4 Bd7 10. Nxb6 axb6 11. d3 h6 12. h3 Qc8 13. Kh2 Ne7 14. e4 Ng6 15. Ng1 c6 16. Be3 Qc7 17. Qd2 Nh5 18. Qe2 Nf6 19. Kh1 Rad8 20. f4 exf4 21. gxf4 Nh4 22. f5 Nxg2 23. Qxg2 d5 24. Bxh6 Nh5 25. Rf3 Kh7 26. Bg5 Ra8 27. Ne2 Rg8 28. Qg4 g6 29. fxg6+ fxg6 30. Rf7+ Rg7 31. Rxg7+ Kxg7 32. Qf3 Rf8 33. Bh6+ Kxh6 34. Qxf8+ Kh7 35. Qf7+ Ng7 36. Rg1 Qd6 37. c5 bxc5 38. bxc5 Qe6 39. Qxe6 Bxe6 40. Nf4 Bf7 41. e5 Nf5 42. Rb1 g5 43. Rxb7 1-0

[Event "Sant Adria 7th"]
[Site "Sant Adria de Besos"]
[Date "2011.05.22"]
[Round "4"]
[White "Ventura Fontanet, Jaume"]
[Black "Lopez Manzano, Antonio"]
[Result "1-0"]
[WhiteElo "1686"]
[BlackElo "2029"]
[PlyCount "71"]
[EventDate "2011.05.01"]
[EventType "swiss"]
[EventRounds "8"]
[EventCountry "ESP"]
[SourceTitle "EXT 2024"]
[Source "ChessBase"]
[SourceDate "2023.10.10"]
[SourceVersion "1"]
[SourceVersionDate "2023.10.10"]
[SourceQuality "1"]

1. c4 f5 2. Nf3 Nf6 3. Nc3 e6 4. g3 Be7 5. Bg2 0-0 6. 0-0 d6 7. d4 Qe8 8. Re1 Qg6 9. e4 Nxe4 10. Nxe4 fxe4 11. Nd2 d5 12. cxd5 exd5 13. f3 Nc6 14. fxe4 Nxd4 15. Nb3 Nxb3 16. Qxb3 Qb6+ 17. Qxb6 axb6 18. exd5 Bf6 19. Rb1 Bf5 20. Ra1 Rfe8 21. Bf4 Bd4+ 22. Kh1 Bxb2 23. Rxe8+ Rxe8 24. Rf1 Bd3 25. Rd1 Bc2 26. Rf1 Re7 27. d6 cxd6 28. Bd5+ Kh8 29. Be5 h6 30. Bxb2 Bd3 31. Rf2 Bb5 32. Bd4 Re1+ 33. Kg2 Rd1 34. Rf8+ Kh7 35. Be4+ g6 36. Rh8# 1-0

[Event "Llinars del Valles op-B 5th"]
[Site "Llinars del Valles"]
[Date "2011.05.07"]
[Round "2"]
[White "Ventura Fontanet, Jaume"]
[Black "Delclos de Semis, Santiago"]
[Result "1-0"]
[WhiteElo "1686"]
[BlackElo "1435"]
[PlyCount "79"]
[EventDate "2011.04.30"]
[EventType "swiss"]
[EventRounds "7"]
[EventCountry "ESP"]
[SourceTitle "EXT 2012"]
[Source "ChessBase"]
[SourceDate "2011.11.24"]
[SourceVersion "1"]
[SourceVersionDate "2011.11.24"]
[SourceQuality "1"]

1. c4 e6 2. Nf3 Nf6 3. g3 Nc6 4. Bg2 d5 5. d4 Bd6 6. c5 Be7 7. Bf4 Nh5 8. Bd2 f5 9. b4 b5 10. a4 Rb8 11. axb5 Rxb5 12. Qa4 a6 13. Na3 Na7 14. Nxb5 Nxb5 15. h4 h6 16. e3 Bf6 17. Bf1 c6 18. Bxb5 cxb5 19. Qa5 Qd7 20. Ke2 Qf7 21. Qb6 0-0 22. Ne5 Bxe5 23. dxe5 g6 24. c6 Ng7 25. Rhc1 Ne8 26. c7 Qd7 27. Rc6 Qg7 28. Rxe6 Nxc7 29. Rxg6 Ne6 30. Rxg7+ Nxg7 31. Qxh6 Ne6 32. Rxa6 d4 33. Rxe6 d3+ 34. Ke1 Bxe6 35. Qxe6+ Rf7 36. Bc3 f4 37. Qe8+ Rf8 38. Qg6+ Kh8 39. e6+ Rf6 40. Bxf6# 1-0

[Event "Cerdanyola del Valles op 28th"]
[Site "Cerdanyola del Valles"]
[Date "2010.10.02"]
[Round "1"]
[White "Fernandez Diaz, Cristian"]
[Black "Ventura Fontanet, Jaume"]
[Result "1-0"]
[WhiteElo "1948"]
[BlackElo "1721"]
[PlyCount "61"]
[EventDate "2010.10.02"]
[EventType "swiss"]
[EventRounds "7"]
[EventCountry "ESP"]
[SourceTitle "EXT 2012"]
[Source "ChessBase"]
[SourceDate "2011.11.24"]
[SourceVersion "1"]
[SourceVersionDate "2011.11.24"]
[SourceQuality "1"]

1. d4 Nf6 2. Bg5 e6 3. e4 h6 4. Bxf6 Qxf6 5. Nc3 d6 6. Qd2 c6 7. 0-0-0 e5 8. d5 Nd7 9. Kb1 Be7 10. f3 0-0 11. h4 Nb6 12. Nge2 cxd5 13. exd5 Bf5 14. Ng3 Bg6 15. Nge4 Qf4 16. Qxf4 exf4 17. Ne2 Bxe4 18. fxe4 g5 19. hxg5 hxg5 20. Nd4 Rfe8 21. Nf5 Bf8 22. Bd3 a6 23. Rh5 f6 24. Rdh1 Kf7 25. Rh7+ Kg6 26. Rxb7 Nc4 27. Bxc4 Rxe4 28. Bd3 Kxf5 29. Re1 Rae8 30. Rb4 Kg4 31. Rbxe4 1-0

[Event "Llinars del Valles op-B 4th"]
[Site "Llinars del Valles"]
[Date "2010.05.08"]
[Round "5"]
[White "Ventura Fontanet, Jaume"]
[Black "Latorre Freixes, Marc"]
[Result "1-0"]
[WhiteElo "1815"]
[BlackElo "1462"]
[PlyCount "43"]
[EventDate "2010.04.10"]
[EventType "swiss"]
[EventRounds "7"]
[EventCountry "ESP"]
[SourceTitle "EXT 2012"]
[Source "ChessBase"]
[SourceDate "2011.11.24"]
[SourceVersion "1"]
[SourceVersionDate "2011.11.24"]
[SourceQuality "1"]

1. c4 c6 2. Nf3 d5 3. e3 Bf5 4. cxd5 cxd5 5. Qb3 b6 6. Nc3 Nf6 7. Nd4 Be4 8. f3 Bg6 9. Bb5+ Nbd7 10. Nxd5 Nxd5 11. Qxd5 e6 12. Bxd7+ Qxd7 13. Qxa8+ Ke7 14. b3 Bd3 15. Nc6+ Kf6 16. Bb2+ Kg5 17. h4+ Kh6 18. Ne5 Qc7 19. Nxd3 Qc2 20. Qe4 f5 21. Qf4+ Kg6 22. Ne5+ 1-0

[Event "Llinars del Valles op 3rd"]
[Site "Llinars del Valles"]
[Date "2009.05.02"]
[Round "3"]
[White "Ventura Fontanet, Jaume"]
[Black "Sanchez Criado, Manel"]
[Result "1-0"]
[WhiteElo "1922"]
[BlackElo "1753"]
[PlyCount "49"]
[EventDate "2009.04.18"]
[EventType "swiss"]
[EventRounds "7"]
[EventCountry "ESP"]
[SourceTitle "EXT 2011"]
[Source "ChessBase"]
[SourceDate "2010.11.26"]
[SourceVersion "1"]
[SourceVersionDate "2010.11.26"]
[SourceQuality "1"]

1. c4 d5 2. cxd5 Qxd5 3. Nc3 Qd8 4. g3 Nf6 5. Bg2 c6 6. Nf3 Bg4 7. 0-0 Qc8 8. Qb3 Be6 9. Qb4 Na6 10. Qh4 h6 11. d3 Qd7 12. Ne5 Qc7 13. d4 Nd5 14. a3 0-0-0 15. e4 Nxc3 16. bxc3 Nb8 17. Bf4 Qa5 18. Bh3 Rg8 19. Nxf7 Bxh3 20. Qxh3+ Nd7 21. Nxd8 Kxd8 22. Qe6 Rh8 23. Rab1 b6 24. Qxc6 Ke8 25. Qc8+ 1-0